Pokémon by Picture: Generation VI - Statistics

General Stats
  • This quiz has been taken 3,390 times
  • The average score is 53 of 72
Answer Stats
Picture Answer % Correct
Greninja
93%
Chespin
92%
Froakie
91%
Fennekin
89%
Sylveon
87%
Fletchling
84%
Dedenne
83%
Delphox
83%
Talonflame
83%
Bunnelby
82%
Litleo
82%
Pancham
82%
Chesnaught
81%
Hawlucha
81%
Hoopa
81%
Inkay
81%
Zygarde
81%
Frogadier
80%
Goodra
80%
Xerneas
80%
Noibat
79%
Noivern
79%
Yveltal
79%
Flabébé
78%
Pyroar
78%
Gogoat
77%
Goomy
77%
Diggersby
76%
Fletchinder
75%
Furfrou
75%
Aegislash
74%
Braixen
74%
Espurr
74%
Klefki
74%
Pumpkaboo
74%
Diancie
72%
Helioptile
71%
Honedge
71%
Phantump
71%
Carbink
70%
Doublade
70%
Floette
70%
Malamar
70%
Pangoro
70%
Skiddo
70%
Volcanion
70%
Avalugg
69%
Tyrunt
69%
Florges
68%
Heliolisk
68%
Quilladin
68%
Scatterbug
68%
Spritzee
68%
Trevenant
68%
Meowstic
67%
Sliggoo
67%
Tyrantrum
66%
Vivillon
66%
Swirlix
65%
Bergmite
64%
Skrelp
64%
Slurpuff
63%
Binacle
62%
Spewpa
62%
Aromatisse
61%
Aurorus
61%
Dragalge
61%
Clawitzer
60%
Gourgeist
60%
Clauncher
59%
Barbaracle
58%
Amaura
56%
No matching quizzes found
Score Distribution
Percent of People with Each Score
Percentile by Number Answered
Your Score History
You have not taken this quiz